Statistiques concernant Culture Générale - Série 1115

Cliquez ici pour prendre le quiz!

Statistiques générales

  • Ce quiz a été pris 77 fois
  • Le résultat moyen est 6 sur 10

Statistiques - réponses

QuestionRéponse% Correct
Quand un homme roule des pecs, de quels muscles s'agit-il ?pectoraux
99%
Dans quelle ville brésilienne, peut-on assister à un match de football au stade Maracana, un des plus grands stades du monde ?Rio de Janeiro
96%
De quelle île du sud de l'Australie est originaire Taz, le diable des Looney Tunes ?Tasmanie
83%
De quel État insulaire les Cornouailles constituent-elles l'extrémité sud-ouest ?Grande-Bretagne
77%
Quelle principauté est enclavée entre la Suisse et l'Autriche ?Liechtenstein
70%
Sous quel nom connait-on mieux Charles de Secondat, auteur des "Lettres persanes" ?Montesquieu
70%
Au bowling, si on abat toutes les quilles en 2 lancers, on réalise un...spare
59%
Dans l'album de Tintin "L'Affaire Tournesol", l'agent d'assurances casse-pieds s'appelle Séraphin ...Lampion
58%
Quel est le prénom du "Grand Meaulnes" d'Alain Fournier ?Augustin
18%
Quelle Catherine fut condamnée à mort et brûlée vive en 1680, lors de l'affaire des Poisons ?La Voisin
4%

Distribution des résultats

Percentile par nombre de réponses

% des personnes avec chaque résultat

Votre développement - résultats

Vous n’avez pas pris ce quiz